logo

Bir Sreshtho Munshi Abdur Rouf Library
Jhenaidah Cadet College

মুঘল ভারতের কৃষি ব্যবস্থা ১৫৫৬-১৭০৭ / (Record no. 2731)

MARC details
000 -LEADER
fixed length control field 00818nam a22002417a 4500
001 - CONTROL NUMBER
JCCL Control Number 2731
003 - CONTROL NUMBER IDENTIFIER
JCCL marc code BD-JhCC
005 - DATE AND TIME OF LATEST TRANSACTION
control field 20180303175547.0
008 - FIXED-LENGTH DATA ELEMENTS--GENERAL INFORMATION
fixed length control field 171106r19901985ii abj|| |||| 001 0 ben d
020 ## - INTERNATIONAL STANDARD BOOK NUMBER
International Standard Book Number 817074072X
035 ## - SYSTEM CONTROL NUMBER
system control number (BD-JhCC)2731
040 ## - CATALOGING SOURCE
Original cataloging agency BD-JhCC
Modifying agency BD-JhCC
041 ## - LANGUAGE CODE
Language code of Book ben
082 ## - DEWEY DECIMAL CLASSIFICATION NUMBER
Classification number 954
Author mark and Year HAB 1990
100 ## - MAIN ENTRY--PERSONAL NAME
Personal name হাবিব, ইরফান
245 ## - TITLE STATEMENT
Title মুঘল ভারতের কৃষি ব্যবস্থা ১৫৫৬-১৭০৭ /
Statement of responsibility, etc ইরফান হাবিব
260 ## - PUBLICATION, DISTRIBUTION, ETC. (IMPRINT)
Place of publication, distribution, etc কলকাতা :
Name of publisher, distributor, etc কে পি বাগচী অ্যান্ড কোম্পানি,
Date of publication, distribution, etc ১৯৯০.
300 ## - PHYSICAL DESCRIPTION
Pagination ৪৮৪ পৃ. :
Other physical details ill. ;
Dimensions ২২ সেমি.
504 ## - BIBLIOGRAPHY, ETC. NOTE
Bibliography, etc Includes Index
650 ## - SUBJECT ADDED ENTRY--TOPICAL TERM
Topical term or geographic name as entry element Agriculture
Geographic subdivision India
942 ## - ADDED ENTRY ELEMENTS (KOHA)
Source of classification or shelving scheme Dewey Decimal Classification
Koha item type Books
Holdings
Source of classification or shelving scheme Damaged status Not for loan Home library Current library Shelving location Date of accession Cost, normal purchase price Total Checkouts Full call number Barcode Date last seen Copy number Koha item type
Dewey Decimal Classification     JCC Rouf Library JCC Rouf Library General Stacks 11/06/2017 100.00   954 HAB 1990 4404 11/06/2017 C-1 Books

JCC Library | Contacts | JCC Home

Last Update on 23 September 2017
Copyright @ 2017-2020 JCC Rouf Library
Rouf Library, Jhenidah Cadet College (JCC), Bangladesh